000 02669nam0a2200421 4500
001 RU\NLR\bibl\1705655
005 20260531050830.0
010 _a978-5-904217-13-7
_9100
021 _aRU
_b2010-85292
_95696
035 _a(nilc)RSL-KNO-004823507
035 _a(NLR Aleph) 001696707
090 _a1194626
_c1194626
100 _a20101108d2010 |||y0rusy50 ca
101 0 _arus
102 _aRU
105 _ay |||||||||
200 1 _aВокально-хоровая школа Виктора Сергеевича Попова
_eк 75-летию со дня рождения Мастера
_e[материалы научно-практической конференции, состоявшейся конференции, состоявшейся в рамках Фестиваля вокально-хоровой музыки памяти В.С. Попова (Москва, 6 ноября 2009 г.)
_fотв. ред. Д. Ю. Храмов]
210 _aМосква
_cАкад. хорового искусства
_d2010
215 _a87 с.
_d21
225 1 _aБиблиотека Академии хорового искусства им. В.С. Попова
300 _aЗагл. обл.: Вокально-хоровая школа В.С. Попова
300 _aВ надзаг.: М-во культуры Российской Федерации, Акад. хорового искусства им. В.С. Попова
320 _aБиблиогр. в подстроч. примеч.
512 1 _aВокально-хоровая школа В.С. Попова
600 1 _aПопов
_bВ.С.
_f1934 - 2008
_gВиктор Сергеевич
_jСъезды, совещания и т.п.
_92580248
_3RU\NLR\auth\661525394
686 _aЩ314-7р-3я431(2)
_2rubbk
686 _aЩ314.1-73(2Р=Р)7-83Попов В.С.42я431(2)
_2rubbk
686 _aЩ313(2Р=Рус)7-83Попов.я431
702 1 _4340
_8rus
_7ca
_aХрамов
_bД. Ю.
_gДенис Юрьевич
_3RU\NLR\auth\7721757
_94818
702 1 _4570
_8rus
_7ca
_aПопов
_bВ. С.
_cхормейстер
_f1934-2008
_gВиктор Сергеевич
_3RU\NLR\auth\7784172
_967100
711 1 2 _a"Вокально-хоровая школа В. С. Попова", научно-практическая конференция
_f2009
_eМосква
_3RU\NLR\AUTH\8810180907
_9858267
712 0 2 _4570
_aАкадемия хорового искусства им. В. С. Попова
_cМосква
_3RU\NLR\AUTH\8810086906
_9675497
801 0 _aRU
_bRuMoRKP
_c20101108
_grcr
801 1 _aRU
_bRuMoRGB
_c20101108
801 2 _aRU
_bNLR
_c20101125
_grcr
942 _cBOOK
980 _aNB